00529nam a2200169Ia 4500003000400000008004100004020001500045040001600060082002000076100002000096245009400116260005600210300002100266650001700287650002500304650003000329GCL140319s9999 xx 000 0 eng d a0671767224 aGCL / cGCL04a940.548641bK C1 aKILZER, LOUIS C10aCHURCHILL'S DECEPTION : bTHE DARK SECRET THAT DESTROYED NAZI GERMANY / cKILZER, LOUIS C aنيويورك : bSIMON & SCHUS TER, INC ، c1994 a22 CM ؛ c335 P04aWORLD WAR II04aCHURCHILL, S.WINSTON04aHESS, RUDOLF, 1894 - 1987